| 000 | 00858nam a2200241Ia 4500 | ||
|---|---|---|---|
| 003 | GCL | ||
| 008 | 140319s9999 xx 000 0 ara d | ||
| 020 | _a2465232977 | ||
| 040 |
_aGCL / _cGCL |
||
| 082 | 0 | 4 |
_a371.33 _bا ت |
| 100 | 1 | _aاحمد ابراهيم قنديل | |
| 245 | 1 | 0 |
_aالتدريس بالتكنولوجيا الحديثة / _cاحمد ابراهيم قنديل |
| 250 | _aالاولى | ||
| 260 |
_aالقاهرة : _bعالم الكتب ، _c2006 |
||
| 300 |
_a263 ص ؛ _c24 سم |
||
| 650 | 0 | 4 | _aطرق التدريس |
| 650 | 0 | 4 | _aالوسائل التعليمية |
| 650 | 0 | 4 | _aالتعليم - وسائل سمعية و بصرية |
| 650 | 0 | 4 | _aالتعليم بالحاسبات الالكترونية |
| 650 | 0 | 4 | _aالتعليم بالانترنت |
| 650 | 0 | 4 | _aالتكنولوجيا والتعليم |
| 942 |
_2ddc _cBK |
||
| 999 |
_c9715 _d9715 |
||